000 00873nam a2200265Ia 4500
999 _c1417
_d1417
003 CoMeUDC
005 20210809180758.0
008 130821s2007 ck ao gr spa
020 _a9789587061888
040 _aCo-BoUCM
_bspa
_cCo-UdeC
041 0 0 _aspa
082 0 4 _a338.04
_bR696
100 1 _aRodríguez Múnera, Mauricio
245 1 0 _aPerfiles empresariales /
_cMauricio Rodríguez Múnera.
260 _aBogotá :
_bCasa Editorial El Tiempo,
_c2007.
300 _a208 p. :
_bil. ;
_c24 cm.
650 0 4 _aAdministración de empresas
_9435
650 0 4 _aAdministración de empresas
_zColombia
_9435
650 0 4 _aEconomía del trabajo
_926481
650 0 4 _aEmpresarios industriales
_zColombia
_914108
650 0 4 _aPequeña y mediana empresa
_921281
710 2 _aColegio de Estudios Superiores de Administración. CESA
710 2 _aPortafolio
942 _cBK